| 000 | 00942nam a2200229Ia 4500 | ||
|---|---|---|---|
| 999 |
_c3528 _d3528 |
||
| 003 | OSt | ||
| 005 | 20200625134142.0 | ||
| 008 | 191128t2010 ck a gr 000 j spa d | ||
| 020 | _a9789587241112 | ||
| 040 |
_aCO-JMCR _cCO-JCR |
||
| 082 | 0 | 4 |
_aLM / _bROMi |
| 100 | 1 |
_aRomán, Celso, _d1947 _qautor _94902 |
|
| 245 | 1 | 0 |
_aLeyendas de Colombia / _cCelso Román |
| 250 | _aPrimera edición | ||
| 260 |
_aBogotá : _bLibros & Libros, _c©2010 |
||
| 300 |
_a86 páginas : _bilustraciones a blanco y negro ; _c20 cm. |
||
| 500 | _aRecomendado para mayores de 10 años. | ||
| 505 | _aRegión Amazónica -- Región Andina -- Región Caribe -- Región Pacífica -- Región Caribe Insular | ||
| 520 | _aTodos debemos estar preparados porque a la salida del Transmilenio, en una noche de Luna, puede aparecernos el Tunjo, que vive dentro de nosotros desde los tiempos de los muiscas. | ||
| 650 | 1 | 4 |
_aLeyendas colombianas _96184 |
| 942 |
_2ddc _cBK |
||